Las islas

-д хадгалсан:
Номзүйн дэлгэрэнгүй
Үндсэн зохиолч: Grenier, Jean (Зохиогч)
Формат: Ном
Хэл сонгох:испани
Хэвлэсэн: Buenos Aires Ediciones del Mediodía 1959
Нөхцлүүд:
Шошгууд: Шошго нэмэх
Шошго байхгүй, Энэхүү баримтыг шошголох эхний хүн болох!

MARC

LEADER 00000cam a2200000 a 4500
001 UCF8363
003 CL-VaPUC
008 130829e19590000ag |||||||||||||||||spa|d
082 0 4 |a 844  |b GRE  |2 21 
100 |a Grenier, Jean  |e author  |9 570430 
245 1 4 |a Las islas 
300 |a 139 p 
942 |c BK 
945 |d 20130829 16:45:00  |a dcastane 
260 |a Buenos Aires  |b Ediciones del Mediodía  |c 1959 
650 0 |a Ensayos franceses  |9 265511 
650 0 |a Literatura francesa  |9 266330 
583 |a last modification  |c 20130829 16:45:00  |k Rodrigo Vera 
999 |c 352937  |d 352935 
952 |0 0  |1 0  |3 erb  |4 0  |6 844_000000000000000_GRE_1959  |7 0  |8 P  |9 457732  |a BIBEDU  |b BIBEDU  |c BIBEDU_PB  |d 2019-11-23  |i 4997638  |o 844 GRE 1959  |p 4997638  |r 2024-01-25  |w 2019-11-23  |y BK  |z Catalogado en:20130829  |k LIT